[Event "American Continental 16th"]
[Site "San Salvador"]
[Date "2022.05.09"]
[Round "10"]
[White "Cortez, Carlos"]
[Black "Rivera, Omar"]
[Result "1-0"]
[WhiteElo "1515"]
[BlackElo "1471"]
[PlyCount "39"]
[EventDate "2022.05.02"]
[EventType "swiss"]
[EventRounds "11"]
[EventCountry "ESA"]
[SourceTitle "CBM 208 Extra"]
[Source "ChessBase"]
[SourceDate "2022.07.31"]
[SourceVersion "1"]
[SourceVersionDate "2022.07.31"]
[SourceQuality "1"]

1. e4 e5 2. Nf3 Nc6 3. Bb5 d6 4. 0-0 Nf6 5. Re1 Be7 6. h3 0-0 7. c3 a6 8. Ba4 b5 9. Bc2 d5 10. d4 dxe4 11. dxe5 Qxd1 12. Bxd1 exf3 13. exf6 Bxf6 14. Bxf3 Bb7 15. Bf4 Rac8 16. Nd2 Ba8 17. Ne4 Bd8 18. Nc5 Bf6 19. Bg4 Rcd8 20. Bxc7 1-0

[Event "American Continental 16th"]
[Site "San Salvador"]
[Date "2022.05.04"]
[Round "4"]
[White "Cortez, Carlos"]
[Black "Rosales, Carlos Arturo"]
[Result "1/2-1/2"]
[WhiteElo "1515"]
[BlackElo "1449"]
[PlyCount "60"]
[EventDate "2022.05.02"]
[EventType "swiss"]
[EventRounds "11"]
[EventCountry "ESA"]
[SourceTitle "CBM 208 Extra"]
[Source "ChessBase"]
[SourceDate "2022.07.31"]
[SourceVersion "1"]
[SourceVersionDate "2022.07.31"]
[SourceQuality "1"]

1. e4 c5 2. Nf3 d6 3. d4 cxd4 4. Nxd4 Nf6 5. Nc3 g6 6. Bc4 Bg7 7. f3 Nc6 8. Be3 0-0 9. Qd2 Nxd4 10. Bxd4 Be6 11. Bxe6 fxe6 12. 0-0-0 Qa5 13. Kb1 Rac8 14. Nd5 Qxd2 15. Nxf6+ Bxf6 16. Rxd2 Bxd4 17. Rxd4 Rc5 18. Rhd1 b5 19. c3 a5 20. a3 Rfc8 21. f4 Rc4 22. e5 d5 23. Rxc4 Rxc4 24. Rd4 Rxd4 25. cxd4 h5 26. Kc2 Kf7 27. Kd3 Kg7 28. Ke3 Kh6 29. h4 Kg7 30. Kf3 Kh7 1/2-1/2